| 000 | 00653nam a22001937a 4500 | ||
|---|---|---|---|
| 005 | 20140704144412.0 | ||
| 010 | _aENG-109847 | ||
| 020 |
_a9788120349452 _c350.00 |
||
| 035 | _aEN-93380 | ||
| 037 | _bDBAD/PUB | ||
| 082 | _a690.24 | ||
| 100 | _aVarghese, P.C. | ||
| 245 | 0 | 0 |
_aMaintenance, repair and rehabilitation and minor works of bulidings / _cby P.C. Varghese |
| 260 |
_aNew Delhi _bPHI Learing _c2014 |
||
| 270 |
_aRimjhim House,111, Patparganj Industrial Estate _bNew Delhi _e110092 |
||
| 300 |
_axxii,,242p. : _c24cm(pbk) _bill. |
||
| 500 | _aIncludes bibliographical references and index | ||
| 942 |
_2ddc _cEN _mVAR _h690.24 |
||
| 999 |
_c83953 _d83953 |
||